00334nam a2200133 a 4500008004100000050001600041100002200057245004000079250001200119260002500131300002200156350000900178650001300187120416s1965 ||||||||||||||||| || u aHF 1007 Ste aStephenson, James10aPrinciples and practice of commerce a6th ed. aLondonbPitmanc1965 axiv, 616p. : ill. a0.00 0aCOMMERCE